Top 10 NBA Point Guards 2K26 - Statistics

General Stats
  • This quiz has been taken 71 times
    9 since last reset
  • The average score is 7 of 10
Answer Stats
OVR Player % Correct
95 Cade Cunningham
86%
98 Shai Gilgeous-Alexander
86%
95 Stephen Curry
86%
97 Luka Dončić
71%
93 Tyrese Maxey
71%
93 Jalen Brunson
57%
90 Jamal Murray
57%
90 James Harden
57%
90 Kyrie Irving
57%
93 Tyrese Haliburton
43%
No matching quizzes found
Score Distribution
Percent of People with Each Score
Percentile by Number Answered
Your Score History
You have not taken this quiz since the last reset